Seven wonders of the wonderful Word. (Record no. 3304)

000 -LEADER
fixed length control field 00564nam a2200181 a 4500
001 - CONTROL NUMBER
control field :::00001034$&:&@@
003 - CONTROL NUMBER IDENTIFIER
control field OkBaRHE
005 - DATE AND TIME OF LATEST TRANSACTION
control field 20000607103241.0
008 - FIXED-LENGTH DATA ELEMENTS--GENERAL INFORMATION
fixed length control field s1943 j 000 0 eng u
040 ## - CATALOGING SOURCE
Transcribing agency
100 1# - MAIN ENTRY--PERSONAL NAME
Personal name Rimmer, Harry, 1890-1952.
245 10 - TITLE STATEMENT
Title Seven wonders of the wonderful Word.
260 ## - PUBLICATION, DISTRIBUTION, ETC. (IMPRINT)
Place of publication, distribution, etc Duluth, MN., :
Name of publisher, distributor, etc Research Science Bureau, Inc.
Date of publication, distribution, etc c1943
300 ## - PHYSICAL DESCRIPTION
Extent 68 p.
650 ## - SUBJECT ADDED ENTRY--TOPICAL TERM
Topical term or geographic name as entry element Bible
General subdivision Authorities, Evidences, etc.
942 ## - ADDED ENTRY ELEMENTS (KOHA)
Source of classification or shelving scheme
Koha item type Books
Copies
Permanent Location Koha item type Shelving location Full call number Not for loan Date acquired Barcode Date last seen Damaged status Withdrawn status Source of classification or shelving scheme Lost status Copy number Price effective from
RHEMA Bible Training CollegeBooksGeneral StacksBS 510 .R5 2010-04-1410342010-04-14    12010-04-14